| 000 | 00537nam a22001697a 4500 | ||
|---|---|---|---|
| 003 | OSt | ||
| 005 | 20240408084609.0 | ||
| 008 | 240408b |||||||| |||| 00| 0 eng d | ||
| 040 |
_aMMSU _cULS |
||
| 100 | _aSuarez, Aldrich D. | ||
| 245 |
_aMobile learning app (MLAPP) for disciplines and ideas in social science (DISS) / _cAldrich D. Suarez |
||
| 260 |
_aLaoag City: _bMMSU, _c2022. |
||
| 300 |
_ax, 188 leaves: _c28 cm |
||
| 500 | _aThesis (MA in Education-Social Science) | ||
| 504 | _aBibliography: leaves 80-85 | ||
| 942 |
_2lcc _cTHEDIS |
||
| 999 |
_c21521 _d21521 |
||